Statistiques concernant Joueurs de foot passés par ... #3

Cliquez ici pour prendre le quiz!

Statistiques générales

  • Ce quiz a été pris 429 fois
  • Le résultat moyen est 64 sur 84

Statistiques - réponses

QuestionTuileSelect% Correct
Ajax AmsterdamRobert LewandowskiNon
97%
Manchester CityPhilippe CoutinhoNon
96%
Ajax AmsterdamSamuel Eto'oNon
96%
Ajax AmsterdamJohan CruyffOui
94%
Ajax AmsterdamAndriy ChevtchenkoNon
92%
Manchester CityCarlos TevezOui
92%
NaplesDiego MaradonaOui
92%
FC SévilleSamuel Eto'oNon
92%
Manchester CityCharles N'ZogbiaNon
91%
FC SévilleJules KoundéOui
91%
NaplesPaolo MaldiniNon
91%
NaplesEdinson CavaniOui
90%
TottenhamLucas MouraOui
90%
Manchester CityRoss BarkleyNon
90%
Manchester CityJude BellinghamNon
89%
Ajax AmsterdamZlatan IbrahimovicOui
89%
Inter MilanZlatan IbrahimovićOui
89%
TottenhamEdin DžekoNon
88%
FC SévilleFederico ValverdeNon
88%
FC SévilleJames RodríguezNon
88%
Ajax AmsterdamPatrick KluivertOui
88%
Olympique lyonnaisPatrick VieiraNon
88%
Manchester CityWilfried ZahaNon
88%
TottenhamAlex SandroNon
87%
NaplesCafuNon
87%
Olympique lyonnaisÉric CantonaNon
87%
TottenhamIdrissa GueyeNon
87%
TottenhamErik LamelaOui
86%
Inter MilanRonaldoOui
86%
Inter MilanSamuel Eto'oOui
86%
Olympique lyonnaisSofiane BoufalNon
86%
Olympique lyonnaisBenjamin AndréNon
85%
Manchester CityClaudio BravoOui
85%
Olympique lyonnaisHatem Ben ArfaOui
85%
TottenhamLuka ModrićOui
85%
Inter MilanAndrea BelottiNon
84%
NaplesAndrea BelottiNon
84%
Inter MilanEdin DžekoOui
84%
TottenhamMoussa SissokoOui
84%
FC SévilleSergio RamosOui
84%
Inter MilanAdrianoOui
83%
TottenhamGaël ClichyNon
83%
Ajax AmsterdamLuis SuárezOui
83%
NaplesFabián RuizOui
82%
Inter MilanKlaas-Jan HuntelaarNon
82%
Olympique lyonnaisMiralem PjanićOui
82%
FC SévilleSalomon KalouNon
81%
Olympique lyonnaisAmine GouiriOui
80%
NaplesLuca ToniNon
80%
Ajax AmsterdamRonaldoNon
80%
FC SévilleKevin GameiroOui
79%
Inter MilanMichael EssienNon
79%
Inter MilanEzequiel LavezziNon
78%
Manchester CityJames MilnerOui
78%
Olympique lyonnaisMarvin MartinNon
78%
Ajax AmsterdamDennis BergkampOui
77%
TottenhamYohan CabayeNon
77%
NaplesEzequiel LavezziOui
76%
FC SévilleSergio RicoOui
74%
Manchester CityFrank LampardOui
73%
Ajax AmsterdamArjen RobbenNon
71%
NaplesAdam OunasOui
70%
Inter MilanKevin-Prince BoatengNon
70%
Olympique lyonnaisMichael EssienOui
70%
FC SévilleJordi AlbaNon
69%
Olympique lyonnaisMichel BastosOui
69%
NaplesCiro ImmobileNon
68%
Manchester CityJason DenayerOui
67%
Olympique lyonnaisLoïc RémyOui
65%
FC SévilleDavid SilvaNon
62%
FC SévilleRony LopesOui
61%
Manchester CityStevan JoveticOui
61%
Olympique lyonnaisAnthony MartialOui
58%
Ajax AmsterdamRobin van PersieNon
58%
Inter MilanLilian ThuramNon
55%
TottenhamWilliam GallasOui
51%
Inter MilanLuís FigoOui
50%
TottenhamPeter CrouchOui
44%
TottenhamDavid GinolaOui
37%
FC SévilleCiro ImmobileOui
36%
Manchester CityRony LopesOui
33%
NaplesFabio CannavaroOui
23%
Ajax AmsterdamRuud GullitNon
22%
NaplesLaurent BlancOui
13%

Distribution des résultats

Percentile par nombre de réponses

% des personnes avec chaque résultat

Votre développement - résultats

Vous n’avez pas pris ce quiz